Demografická zmena na Slovensku a jej vplyv na striebornú ekonomiku
Strieborná ekonomika Slovenska a potreba analýzy spotrebiteľského správania staršej generácie. Faktory, ktoré vplývajú na dlhodobo pretrvávajúci trend starnutia populácie. Prehľad o príčinách vzniku dlhodobo pretrvávajúceho trendu zvyšovania indexu starnutia a potreby realizácie zmien na trhu.
Gespeichert in:
| 1. Verfasser: | |
|---|---|
| Format: | Buchkapitel |
| Sprache: | Slowakisch |
| Schlagworte: | |
| Tags: |
Keine Tags, Fügen Sie das erste Tag hinzu!
|
MARC
| LEADER | 00000naa a2200000 4500 | ||
|---|---|---|---|
| 001 | 0283300 | ||
| 005 | 20240502074407.6 | ||
| 041 | 0 | |a slo | |
| 044 | |a SK | ||
| 245 | 1 | 0 | |a Demografická zmena na Slovensku a jej vplyv na striebornú ekonomiku |c Kamila Sotáková |
| 520 | |a Strieborná ekonomika Slovenska a potreba analýzy spotrebiteľského správania staršej generácie. Faktory, ktoré vplývajú na dlhodobo pretrvávajúci trend starnutia populácie. Prehľad o príčinách vzniku dlhodobo pretrvávajúceho trendu zvyšovania indexu starnutia a potreby realizácie zmien na trhu. | ||
| 610 | 2 | 0 | |a demografia |
| 610 | 2 | 0 | |a starnutie populácie |
| 610 | 2 | 0 | |a ekonomika strieborná |
| 610 | 2 | 0 | |a správanie spotrebiteľa |
| 610 | 2 | 0 | |a Slovensko |
| 100 | 1 | |a Sotáková, Kamila, 1996- | |